00546nam a2200157 a 450000500170000000800410001702000180005805000230007610000170009924500410011626000370015730000090019444000440020399900190024795201220026620140412111421.0080122s19uu xx 00 eng d a81-7301-608-9 aTR(GS EbDo72 2006 aPrakash, Ved aDon't do that. vol.9 /cVed Prakash. aIndia :bDreamland Publications. a24p. aCharacter-Building stories for children c106047d106047 001040aELbELcTRd2008-01-22eLib. Fundg121.00l0oTR(GS E Do72 2006pE11146r2014-04-12 00:00:00w2014-04-12yBK